| 000 | 00000nam##2200000za#4500 |
| 001 | 9.638104 |
| 003 | CaOODSP |
| 005 | 20220505163029 |
| 007 | cr ||||||||||| |
| 008 | 150407|2010||||xxc|||||o f|0| 0 fre|d |
| 020 | |a978-1-100-95990-0 |
| 040 | |aCaOODSP|bfre |
| 043 | |an-cn--- |
| 086 | 1 |aHP40-54/2010F-PDF |
| 110 | 2 |aAgence de santé publique du Canada. |
| 245 | 10|aGuide de prévention de la pneumonie associée aux soins de santé |h[ressource électronique] |
| 260 | |aOttawa - Ontario : |bAgence de santé publique du Canada |cc2010. |
| 300 | |a281 Ko|bglossaire, références, tableaux |
| 590 | |a12-25-Supp|b2012-06-04 |
| 691 | 07|aMaladie transmissible|2gcpds |
| 775 | 08|tInfection control guideline for the prevention of healthcare-associated pneumonia |w(CaOODSP)9.693917 |
| 856 | 40|ahttp://publications.gc.ca|qPDF|s1150 Ko|uhttps://publications.gc.ca/collections/collection_2012/aspc-phac/HP40-54-2010-fra.pdf |